Представление документа в формате RUSMARC

ПолеНазваниеЗначение
  Тип записи a
  Библиографический уровень a
001 Контрольный номер RU/CBS_Ul/BASE/535479866
005 Дата корректировки 20250124000047.9
100 Данные общей обработки __
a Данные общей обработки 20161219d2016 ||| 0rusy0189 ca
101 Язык документа 0_
a Язык текста rus
102 Страна публикации __
a Страна публикации RU
105 Кодированные данные (монография) __
a Кодированные данные (монография) y###||||000|y
200 Заглавие и сведения об ответственности 1_
a Заглавие Язык до долголетия доведёт
b Общее обозначение материала Текст
e Сведения, относящиеся к заглавию [несколько простых способов тренировки и развития памяти]
f Первые сведения об ответственности А. Суходоева
300 Общие примечания __
a Общие примечания Ограничения по возрасту - 12+
461 Уровень набора _0
1 2000
a Комсомольская правда
463 Уровень физической единицы _0
1 001RU/CBS_Ul/BASE/535396426
1 2000
a № 49-т (7-14 декабря)
v С. 26
1 210
d 2016
606 Тематические рубрики 0_
a Основная рубрика Память - Развитие
610 Ключевые слова 0_
a Ключевые слова психология
a Ключевые слова память
a Ключевые слова развитие памяти
a Ключевые слова тренировка памяти
a Ключевые слова слабоумие старческое
686 Индексы других классификаций __
a Классификационный индекс 88.3
2 Код системы ББК
700 Автор _1
a Фамилия Суходоева
b Имя (инициалы) А.
801 Источник записи _0
a Страна RU
b Организация МБУК ЦБС г. Ульяновска
c Дата составления 20161219
g Правила каталогизации RCR
801 Источник записи _1
a Страна RU
b Организация МБУК ЦБС г. Ульяновска
c Дата составления 20161219
g Правила каталогизации RCR
901 Тип документа __
t Тип документа f
w Контрольный № источника RU/CBS_Ul/BASE/535396426
910 Корректоры записи __
a Корректор записи Библиотека 1
938 Служебная информация __
a Имя БД period